000 00261nam a22001097a 4500
041 _aeng
080 _a80
100 _aЛисенко, Е.І.
245 _aНовий німецько-українский словник.
650 _aReference
999 _c282059
_d282059
942 _cBK